000 00390nam a22001217a 4500
005 20250910151601.0
020 _a9781529233544
082 _a306.44 SOD/D
245 _aData power in action :
_burban data politics in times of crisis/
_cedited by Ola Soderstrom and Ayona Datta
260 _a. - Great Britain
_b: Bristol University press
_c, 2024
300 _ax+246 pages
942 _2ddc
_cBK
999 _c751232
_d751232